[Event "Madrid ch - Previa B"]
[Site "Madrid"]
[Date "2009.11.06"]
[Round "2.9"]
[White "De Los Rios Camacho, Juan A"]
[Black "Torres Sevilla, Cristian"]
[Result "0-1"]
[WhiteElo "1782"]
[BlackElo "1889"]
[PlyCount "68"]
[EventDate "2009.11.05"]
[EventType "swiss"]
[EventRounds "9"]
[EventCountry "ESP"]
[Source "lmi"]
[SourceDate "2009.11.05"]

1. e4 c5 2. Nf3 d6 3. d4 cxd4 4. Nxd4 Nf6 5. Nc3 g6 6. Bc4 Bg7 7. Bb3 O-O 8. h3
Nc6 9. Be3 Bd7 10. Qd2 Rc8 11. Nde2 a6 12. Bh6 b5 13. Bxg7 Kxg7 14. a3 Ne5 15.
f4 Nc4 16. Qd4 Qb6 17. Qxb6 Nxb6 18. O-O-O Bc6 19. Rd4 a5 20. Rhd1 Rc7 21. e5
dxe5 22. fxe5 Nfd7 23. e6 fxe6 24. Bxe6 Nc5 25. Ba2 e5 26. Rd8 Rf2 27. Re1 Rxg2
28. Nd5 Bxd5 29. Bxd5 Nd3+ 30. Kd2 Nxe1 31. Kxe1 Nxd5 32. Rxd5 Rxc2 33. Rxe5
Rxb2 34. Kf1 Rgxe2 0-1

[Event "Madrid ch - Previa B"]
[Site "Madrid"]
[Date "2009.11.06"]
[Round "2.10"]
[White "Ortiz Berruguete, Adrian"]
[Black "Noriega De La Sierra, Antonio"]
[Result "1-0"]
[WhiteElo "1682"]
[BlackElo "1881"]
[PlyCount "122"]
[EventDate "2009.11.05"]
[EventType "swiss"]
[EventRounds "9"]
[EventCountry "ESP"]
[Source "lmi"]
[SourceDate "2009.11.05"]

1. e4 c5 2. Nf3 d6 3. d4 cxd4 4. Nxd4 Nf6 5. Nc3 a6 6. Be2 g6 7. Be3 Bg7 8. O-O
O-O 9. f4 Qc7 10. Qd2 b5 11. a3 Bb7 12. Bf3 Nc6 13. Nxc6 Bxc6 14. Bd4 Rad8 15.
Qe3 Qb7 16. Rae1 Rfe8 17. Na2 e5 18. fxe5 dxe5 19. Bc3 Nd7 20. Nb4 Nb6 21. Nxc6
Qxc6 22. b3 Rc8 23. Ba5 Nd7 24. Bg4 Ra8 25. Re2 Nc5 26. Rd1 Nb7 27. Bd7 Qf6 28.
Bxe8 Rxe8 29. Qb6 Nxa5 30. Qxa5 Bf8 31. Qc3 Kg7 32. b4 Qe6 33. Rd5 f6 34. Qd3
Rc8 35. c3 h5 36. Rc2 Qc6 37. Rd7+ Kg8 38. Qd5+ Qxd5 39. Rxd5 Rc4 40. a4 bxa4
41. Ra5 Bxb4 42. Rxa6 a3 43. Kf1 Be7 44. Ra7 Kf7 45. Kf2 Rxe4 46. c4 Ke6 47. c5
Bd8 48. Rxa3 Bc7 49. Ra6+ Ke7 50. Kf3 Rf4+ 51. Ke3 Rd4 52. Rc6 Ba5 53. Rf2 f5
54. Rxg6 Re4+ 55. Kd3 Rd4+ 56. Kc2 Rc4+ 57. Kb3 Rc3+ 58. Ka4 Rxc5 59. Rxf5 Bc3
60. Rxh5 Ra5+ 61. Kb3 e4 1-0

[Event "Madrid ch - Previa B"]
[Site "Madrid"]
[Date "2009.11.06"]
[Round "2.11"]
[White "Ocaña Lameiro, Oliver"]
[Black "Vicario Ramirez, Celestino"]
[Result "1-0"]
[WhiteElo "1904"]
[BlackElo "1612"]
[PlyCount "61"]
[EventDate "2009.11.05"]
[EventType "swiss"]
[EventRounds "9"]
[EventCountry "ESP"]
[Source "lmi"]
[SourceDate "2009.11.05"]

1. Nf3 Nf6 2. c4 g6 3. g3 Bg7 4. Bg2 d6 5. O-O Nc6 6. Nc3 Rb8 7. d4 O-O 8. b3
e5 9. dxe5 dxe5 10. Bg5 h6 11. Qxd8 Rxd8 12. Bxf6 Bxf6 13. Nd5 Bg7 14. Rad1 Rd7
15. Bh3 Rxd5 16. cxd5 Bxh3 17. dxc6 Bxf1 18. Kxf1 bxc6 19. Rc1 Rb6 20. Rc5 f6
21. Ra5 Rb7 22. Nd2 Bf8 23. Ra6 Bb4 24. Nc4 Kf7 25. a3 Bd6 26. Na5 Rb6 27. Rxa7
Ke6 28. b4 Kd7 29. Ra8 c5 30. Nc4 Rc6 31. b5 1-0

[Event "Madrid ch - Previa B"]
[Site "Madrid"]
[Date "2009.11.06"]
[Round "2.12"]
[White "Ballesteros Galvez, Daniel"]
[Black "Dominguez Alfara, Miguel"]
[Result "1/2-1/2"]
[WhiteElo "1557"]
[BlackElo "1652"]
[PlyCount "38"]
[EventDate "2009.11.05"]
[EventType "swiss"]
[EventRounds "9"]
[EventCountry "ESP"]
[Source "lmi"]
[SourceDate "2009.11.05"]

1. e4 e5 2. Nf3 Nf6 3. Nc3 Nc6 4. Bb5 Nd4 5. Nxd4 exd4 6. e5 dxc3 7. exf6 Qxf6
8. dxc3 c6 9. Bd3 Qe5+ 10. Be3 Bc5 11. O-O Bxe3 12. Re1 O-O 13. Rxe3 Qf6 14.
Rf3 Qg5 15. Rg3 Qf6 16. Qh5 g6 17. Re1 d5 18. Rf3 Qg7 19. Qh4 Be6 1/2-1/2

[Event "Madrid ch - Previa B"]
[Site "Madrid"]
[Date "2009.11.06"]
[Round "2.13"]
[White "Cano Mercado, Francisco Manuel"]
[Black "Merino Araguas, Jose Javier"]
[Result "1/2-1/2"]
[WhiteElo "1887"]
[BlackElo "1866"]
[PlyCount "44"]
[EventDate "2009.11.05"]
[EventType "swiss"]
[EventRounds "9"]
[EventCountry "ESP"]
[Source "lmi"]
[SourceDate "2009.11.05"]

1. d4 Nf6 2. Bg5 e6 3. e4 h6 4. Bxf6 Qxf6 5. Nf3 d6 6. c3 Nd7 7. Nbd2 g5 8. Bd3
g4 9. Ng1 e5 10. Ne2 h5 11. Nc4 Bg7 12. Ne3 Nb6 13. dxe5 dxe5 14. Ng3 Be6 15.
Qc2 O-O-O 16. Ngf5 Bh6 17. Nxh6 Qxh6 18. a4 Nd7 19. b4 Qf8 20. a5 Qd6 21. Rd1
Qe7 22. Bc4 Nf6 1/2-1/2

[Event "Madrid ch - Previa B"]
[Site "Madrid"]
[Date "2009.11.06"]
[Round "2.14"]
[White "Zea Ruiz, Elena"]
[Black "Ruiz Quevedo, Andres"]
[Result "0-1"]
[WhiteElo "1646"]
[BlackElo "1928"]
[PlyCount "56"]
[EventDate "2009.11.05"]
[EventType "swiss"]
[EventRounds "9"]
[EventCountry "ESP"]
[Source "lmi"]
[SourceDate "2009.11.05"]

1. d4 Nf6 2. c4 c5 3. e3 g6 4. Nc3 Bg7 5. Nf3 O-O 6. Bd3 cxd4 7. exd4 d5 8. O-O
Nc6 9. Bg5 Be6 10. b3 dxc4 11. Bxc4 Nd5 12. Bxd5 Bxd5 13. Ne5 Rc8 14. Nxd5 Qxd5
15. Nxc6 Qxg5 16. Nb4 Rfd8 17. Nc2 Qd5 18. Rc1 Qa5 19. a3 Bh6 20. f4 e6 21. g3
Bg7 22. Rf3 Rc3 23. b4 Qc7 24. Rxc3 Qxc3 25. a4 Rc8 26. d5 exd5 27. Qxd5 Bd4+
28. Kh1 Qd2 0-1

[Event "Madrid ch - Previa B"]
[Site "Madrid"]
[Date "2009.11.06"]
[Round "2.15"]
[White "Kalinovsky, Martin"]
[Black "Garcia Serrano, Jose M"]
[Result "0-1"]
[WhiteElo "1632"]
[BlackElo "1902"]
[PlyCount "56"]
[EventDate "2009.11.05"]
[EventType "swiss"]
[EventRounds "9"]
[EventCountry "ESP"]
[Source "lmi"]
[SourceDate "2009.11.05"]

1. e4 e5 2. Nf3 Nc6 3. Bc4 Nf6 4. Nc3 Nxe4 5. Nxe4 d5 6. Bd3 dxe4 7. Bxe4 Bd6
8. O-O O-O 9. d3 h6 10. Re1 Re8 11. Bd2 Ne7 12. d4 exd4 13. h3 c5 14. Qc1 Nf5
15. g4 Nh4 16. Nxh4 Qxh4 17. Bg2 Bd7 18. c3 Rac8 19. Rxe8+ Rxe8 20. Qf1 Bxg4
21. Re1 Rxe1 22. Bxe1 Be6 23. Qd3 Qf4 24. cxd4 cxd4 25. a3 Bf5 26. Qg3 Qc1 27.
Qxd6 Qxe1+ 28. Kh2 d3 0-1

[Event "Madrid ch - Previa B"]
[Site "Madrid"]
[Date "2009.11.06"]
[Round "2.16"]
[White "Leniz Martinez, Francisco"]
[Black "Jimenez Vera, Ruben"]
[Result "0-1"]
[WhiteElo "1870"]
[BlackElo "1554"]
[PlyCount "70"]
[EventDate "2009.11.05"]
[EventType "swiss"]
[EventRounds "9"]
[EventCountry "ESP"]
[Source "lmi"]
[SourceDate "2009.11.05"]

1. e4 c5 2. Nf3 e6 3. d4 cxd4 4. Nxd4 Nc6 5. Nc3 a6 6. Nxc6 dxc6 7. Qxd8+ Kxd8
8. Bf4 Bc5 9. Be2 f6 10. O-O-O+ Bd7 11. f3 e5 12. Bg3 Ne7 13. Rd3 Kc7 14. Na4
Ba7 15. b3 b5 16. Nb2 h5 17. Rf1 h4 18. Bf2 Ng6 19. Bxa7 Rxa7 20. g3 hxg3 21.
hxg3 Rh2 22. Bd1 Ra8 23. Rd2 Rah8 24. Rg1 Rxd2 25. Kxd2 Rh2+ 26. Ke3 Be6 27.
Be2 f5 28. exf5 Bxf5 29. Nd3 Kd6 30. Rd1 Ne7 31. Nb4+ Nd5+ 32. Nxd5 cxd5 33. c4
d4+ 34. Kd2 d3 35. Ke1 Rxe2+ 0-1

[Event "Madrid ch - Previa B"]
[Site "Madrid"]
[Date "2009.11.06"]
[Round "2.18"]
[White "Martin Garcia, Francisco J"]
[Black "Benito Aragoneses, Miguel Angel"]
[Result "1-0"]
[WhiteElo "1533"]
[BlackElo "1747"]
[PlyCount "115"]
[EventDate "2009.11.05"]
[EventType "swiss"]
[EventRounds "9"]
[EventCountry "ESP"]
[Source "lmi"]
[SourceDate "2009.11.05"]

1. e4 c5 2. Nf3 d6 3. d4 cxd4 4. Nxd4 Nf6 5. Nc3 a6 6. Bg5 e6 7. f4 Be7 8. Qf3
Nbd7 9. O-O-O Qc7 10. Kb1 b5 11. Bxf6 Bxf6 12. g4 Bb7 13. g5 Be7 14. Bd3 Nc5
15. Rhe1 b4 16. Nce2 Nxd3 17. cxd3 O-O 18. Rc1 Qb6 19. h4 e5 20. Nf5 Qd8 21.
Nxe7+ Qxe7 22. f5 f6 23. gxf6 Rxf6 24. Rg1 Raf8 25. Qg4 d5 26. Ng3 R8f7 27. Nh5
Rc6 28. Rxc6 Bxc6 29. exd5 Bxd5 30. f6 Rxf6 31. Nxf6+ Qxf6 32. Qxb4 Qd8 33. Qc3
Qd6 34. Qc8+ Kf7 35. Rf1+ Ke7 36. Rf8 Bxa2+ 37. Kxa2 Qd5+ 38. b3 Qa5+ 39. Kb1
Qe1+ 40. Kc2 Qe2+ 41. Kc3 Qe1+ 42. Kc4 Qxh4+ 43. Kc5 Qd4+ 44. Kc6 Qc3+ 45. Kb6
Qxb3+ 46. Ka7 Qb5 47. Qd8+ Ke6 48. Re8+ Kf5 49. Rf8+ Kg6 50. Qd6+ Kg5 51. Qe7+
Kh6 52. Qe6+ g6 53. Qh3+ Kg7 54. Rc8 h5 55. Rc7+ Kh6 56. Qe3+ g5 57. Qe4 g4 58.
Qf5 1-0

[Event "Madrid ch - Previa B"]
[Site "Madrid"]
[Date "2009.11.06"]
[Round "2.20"]
[White "Gomez Arce, David"]
[Black "Sanz Moriñigo, Francisco J"]
[Result "0-1"]
[WhiteElo "1393"]
[BlackElo "1736"]
[PlyCount "80"]
[EventDate "2009.11.05"]
[EventType "swiss"]
[EventRounds "9"]
[EventCountry "ESP"]
[Source "lmi"]
[SourceDate "2009.11.05"]

1. d4 e6 2. e3 b6 3. Nf3 Bb7 4. c4 Nf6 5. Nc3 Bb4 6. Bd3 O-O 7. O-O Bxc3 8.
bxc3 d6 9. Re1 d5 10. cxd5 exd5 11. c4 Re8 12. cxd5 Qxd5 13. Qe2 Ne4 14. Bb2
Nd7 15. Kf1 Ndf6 16. Bxe4 Qxe4 17. Rad1 Ng4 18. Kg1 Qg6 19. d5 Rad8 20. e4 Rxd5
21. Rxd5 Bxd5 22. h3 Rxe4 23. Qa6 Rxe1+ 24. Nxe1 h5 25. hxg4 hxg4 26. Qd3 Qxd3
27. Nxd3 Bxa2 28. Be5 c5 29. Bb8 Bb1 30. Nc1 a5 31. Ba7 b5 32. Bxc5 b4 33. Kf1
Bc2 34. Ke2 b3 35. Kd2 f5 36. Kc3 a4 37. Ba3 Kf7 38. Kb4 g5 39. Kxa4 b2+ 40.
Nb3 b1=Q 0-1

[Event "Madrid ch - Previa B"]
[Site "Madrid"]
[Date "2009.11.07"]
[Round "3.1"]
[White "Gomez Gonzalez, Javier"]
[Black "Navas Jimenez, Julian"]
[Result "1/2-1/2"]
[WhiteElo "2044"]
[BlackElo "1949"]
[PlyCount "82"]
[EventDate "2009.11.05"]
[EventType "swiss"]
[EventRounds "9"]
[EventCountry "ESP"]
[Source "lmi"]
[SourceDate "2009.11.05"]

1. e4 c5 2. Nf3 Nc6 3. d4 cxd4 4. Nxd4 Nf6 5. Nc3 d6 6. Be2 e5 7. Nb3 Be7 8.
O-O O-O 9. Be3 a5 10. a4 Be6 11. Nd2 d5 12. exd5 Nxd5 13. Nxd5 Bxd5 14. Nc4 Be4
15. c3 Qxd1 16. Rfxd1 Rfd8 17. f3 Bc2 18. Re1 f6 19. Nb6 Rab8 20. Bc4+ Kh8 21.
Rac1 Bd3 22. Be6 Rd6 23. Bb3 Rdd8 24. Red1 Be2 25. Rd7 Rxd7 26. Nxd7 Re8 27.
Bf7 Rd8 28. Be6 Re8 29. Kf2 Bd3 30. Bb3 Bf5 31. Nb6 Rd8 32. Bc4 h5 33. Bf7 h4
34. g4 hxg3+ 35. hxg3 g6 36. g4 Kg7 37. Bb3 Bd3 38. Rh1 Rh8 39. Rxh8 Kxh8 40.
Nd5 Bd8 41. Bc5 f5 1/2-1/2

[Event "Madrid ch - Previa B"]
[Site "Madrid"]
[Date "2009.11.07"]
[Round "3.2"]
[White "Esquivias Gomez, Fco. Javier"]
[Black "Cardeña Contreras, Javier"]
[Result "1/2-1/2"]
[WhiteElo "2004"]
[BlackElo "1862"]
[PlyCount "43"]
[EventDate "2009.11.05"]
[EventType "swiss"]
[EventRounds "9"]
[EventCountry "ESP"]
[Source "lmi"]
[SourceDate "2009.11.05"]

1. e4 e6 2. d3 c5 3. g3 g6 4. Bg2 Bg7 5. Ne2 d5 6. Nd2 Ne7 7. O-O Nbc6 8. f4
O-O 9. g4 f5 10. exf5 exf5 11. g5 Be6 12. c3 d4 13. c4 Qd7 14. Nf3 Rfe8 15. Ng3
Nc8 16. h4 Bf7 17. h5 Nd6 18. h6 Bh8 19. Bd2 a6 20. a4 a5 21. b3 b6 22. Re1
1/2-1/2

[Event "Madrid ch - Previa B"]
[Site "Madrid"]
[Date "2009.11.07"]
[Round "3.3"]
[White "Torres Sevilla, Cristian"]
[Black "Sanchez Millan, Eduardo"]
[Result "0-1"]
[WhiteElo "1889"]
[BlackElo "1976"]
[PlyCount "28"]
[EventDate "2009.11.05"]
[EventType "swiss"]
[EventRounds "9"]
[EventCountry "ESP"]
[Source "lmi"]
[SourceDate "2009.11.05"]

1. d4 Nf6 2. c4 e6 3. Nc3 c5 4. d5 exd5 5. cxd5 d6 6. e4 g6 7. Bc4 Bg7 8. Nge2
O-O 9. O-O Re8 10. Ng3 Nbd7 11. f4 Nb6 12. Bb3 Ng4 13. Qf3 Bd4+ 14. Kh1 Nxh2
0-1

[Event "Madrid ch - Previa B"]
[Site "Madrid"]
[Date "2009.11.07"]
[Round "3.4"]
[White "Martin Duque, Jesus"]
[Black "Ortiz Berruguete, Adrian"]
[Result "1-0"]
[WhiteElo "2020"]
[BlackElo "1682"]
[PlyCount "75"]
[EventDate "2009.11.05"]
[EventType "swiss"]
[EventRounds "9"]
[EventCountry "ESP"]
[Source "lmi"]
[SourceDate "2009.11.05"]

1. e4 d5 2. exd5 Qxd5 3. Nc3 Qa5 4. d4 Nf6 5. Bd2 c6 6. Bc4 Bf5 7. Nf3 Nbd7 8.
O-O e6 9. Re1 Qc7 10. Bb3 Bd6 11. Qe2 O-O 12. Ne5 Rfe8 13. h3 Bxe5 14. dxe5 Nd5
15. Nd1 Nc5 16. c4 Ne7 17. Bb4 Nd3 18. Bd6 Qb6 19. Rf1 Nc5 20. Qe3 Nxb3 21.
axb3 Bc2 22. Qxb6 axb6 23. Rxa8 Rxa8 24. Bxe7 Ra1 25. Ne3 Rxf1+ 26. Kxf1 Bxb3
27. Ke2 Ba4 28. Kd3 b5 29. Kc3 bxc4 30. Nxc4 Bb5 31. Kd4 h6 32. Kc5 Kh7 33. g4
Kg6 34. h4 h5 35. g5 Kf5 36. Nd6+ Kg4 37. Nxb5 cxb5 38. Kxb5 1-0

[Event "Madrid ch - Previa B"]
[Site "Madrid"]
[Date "2009.11.07"]
[Round "3.5"]
[White "Morona Minguez, Irene"]
[Black "Tome Vazquez, Oscar"]
[Result "0-1"]
[WhiteElo "1844"]
[BlackElo "2020"]
[PlyCount "104"]
[EventDate "2009.11.05"]
[EventType "swiss"]
[EventRounds "9"]
[EventCountry "ESP"]
[Source "lmi"]
[SourceDate "2009.11.05"]

1. e4 g6 2. d4 Bg7 3. Nc3 d6 4. Nf3 a6 5. Bd3 e6 6. Be3 Ne7 7. Qd2 h6 8. O-O
Nd7 9. Rad1 b6 10. Ne1 f5 11. d5 e5 12. f4 exf4 13. Bxf4 g5 14. Be3 f4 15. Bf2
Ne5 16. Be2 O-O 17. Bd4 N7g6 18. Bh5 Bg4 19. Bxg6 Nxg6 20. Bxg7 Kxg7 21. Qd4+
Qf6 22. Qxf6+ Rxf6 23. Rd2 Ne5 24. b3 Re8 25. Nf3 Rf7 26. Nd4 Kg6 27. h3 Bd7
28. Rdf2 h5 29. Kh2 Kg7 30. g3 Ng6 31. Kg2 Rf6 32. h4 g4 33. gxf4 Nxh4+ 34. Kg3
Ng6 35. f5 Ne5 36. Ne6+ Kf7 37. Nxc7 Rh8 38. Kh4 Bc8 39. Ne6 Nf3+ 40. Kg3 Rg8
41. Rxf3 gxf3+ 42. Kxf3 Rh6 43. Rh1 h4 44. Ne2 Kf6 45. Rh3 Ke5 46. c3 a5 47. a4
Ba6 48. c4 Bc8 49. N2f4 Rg1 50. Ng6+ Kf6 51. Kf2 Rb1 52. Nd4 Rxg6 0-1

[Event "Madrid ch - Previa B"]
[Site "Madrid"]
[Date "2009.11.07"]
[Round "3.6"]
[White "Molina Garcia, Francisco J"]
[Black "Rojas Pozo, Jose Luis"]
[Result "0-1"]
[WhiteElo "1842"]
[BlackElo "1931"]
[PlyCount "104"]
[EventDate "2009.11.05"]
[EventType "swiss"]
[EventRounds "9"]
[EventCountry "ESP"]
[Source "lmi"]
[SourceDate "2009.11.05"]

1. e4 c6 2. d4 d5 3. Nc3 dxe4 4. Nxe4 Nd7 5. Ng5 Ngf6 6. Bd3 e6 7. N1f3 Bd6 8.
Qe2 h6 9. Ne4 Nxe4 10. Qxe4 Qc7 11. Qg4 Kf8 12. Qh4 b6 13. Bd2 Bb7 14. O-O-O c5
15. Kb1 c4 16. Be4 Bxe4 17. Qxe4 Rc8 18. Rhe1 Nf6 19. Qh4 Nd5 20. c3 b5 21. Ng5
Be7 22. Qh3 Bxg5 23. Bxg5 a5 24. Bh4 b4 25. Qf3 Qf4 26. Qxf4 Nxf4 27. Re4 Nd5
28. Kc2 g5 29. Bg3 Ke7 30. Rde1 Kd7 31. f3 Rc6 32. Be5 f6 33. Bg3 f5 34. Re5 f4
35. Bf2 bxc3 36. bxc3 Rb8 37. Rb1 Rxb1 38. Kxb1 Nxc3+ 39. Kc2 Nd5 40. Be1 a4
41. g3 a3 42. gxf4 gxf4 43. Rh5 Rb6 44. Bc3 Ne3+ 45. Kd2 Rb1 46. Rxh6 Rd1+ 47.
Ke2 Rc1 48. Bd2 Rc2 49. Ke1 c3 50. Rh7+ Kd6 51. Bxe3 fxe3 52. Rb7 Rb2 0-1

[Event "Madrid ch - Previa B"]
[Site "Madrid"]
[Date "2009.11.07"]
[Round "3.7"]
[White "Garcia Hernandez, Javier"]
[Black "Ocaña Lameiro, Oliver"]
[Result "0-1"]
[WhiteElo "1640"]
[BlackElo "1904"]
[PlyCount "77"]
[EventDate "2009.11.05"]
[EventType "swiss"]
[EventRounds "9"]
[EventCountry "ESP"]
[Source "lmi"]
[SourceDate "2009.11.05"]

1. d4 c5 2. d5 e5 3. dxe6 fxe6 4. c4 d5 5. cxd5 exd5 6. e3 Nf6 7. Bb5+ Nbd7 8.
Nf3 a6 9. Be2 b5 10. O-O Bd6 11. b3 O-O 12. Bb2 Bb7 13. Nbd2 Qe7 14. Rc1 Rae8
15. Re1 c4 16. Nd4 Bb4 17. a4 Bxd2 18. Qxd2 Ne4 19. Qc2 Rxf2 20. Rf1 Ref8 21.
Rxf2 Rxf2 22. Rf1 Rxf1+ 23. Bxf1 Qc5 24. Nf5 c3 25. Bc1 bxa4 26. bxa4 a5 27.
Bd3 Ndf6 28. Nd4 g6 29. Kf1 Bc8 30. Qb3 Qd6 31. Kg1 Ng4 32. Nf3 Nd2 33. Bxd2
cxd2 34. Qc2 Bd7 35. Qxd2 Qc5 36. Nd4 Bxa4 37. Qe2 Qc1+ 38. Qf1 Qxf1+ 39. Kxf1
0-1

[Event "Madrid ch - Previa B"]
[Site "Madrid"]
[Date "2009.11.07"]
[Round "3.8"]
[White "Beltran De Heredia E., Miguel"]
[Black "Garcia Salamero, Hector"]
[Result "1-0"]
[WhiteElo "2054"]
[BlackElo "1774"]
[PlyCount "67"]
[EventDate "2009.11.05"]
[EventType "swiss"]
[EventRounds "9"]
[EventCountry "ESP"]
[Source "lmi"]
[SourceDate "2009.11.05"]

1. c4 e6 2. Nf3 d5 3. b3 Be7 4. Bb2 Bf6 5. Qc2 Bxb2 6. Qxb2 Qf6 7. Nc3 c6 8. d4
Nd7 9. e4 dxe4 10. Nxe4 Qe7 11. c5 Ngf6 12. Nd6+ Kf8 13. Ne5 Nxe5 14. dxe5 Nd5
15. Be2 Qg5 16. g3 h5 17. h4 Qd8 18. a3 a5 19. Qd4 g6 20. Kf1 Qe7 21. Kg2 Qd8
22. b4 Qc7 23. Rab1 axb4 24. axb4 Kg7 25. Rb3 Qe7 26. Bc4 Nc7 27. Rd1 Nd5 28.
Qb2 g5 29. Rh1 gxh4 30. Rf3 Rf8 31. Rxh4 Qg5 32. Bxd5 exd5 33. e6+ Kh7 34. Nxf7
1-0

[Event "Madrid ch - Previa B"]
[Site "Madrid"]
[Date "2009.11.07"]
[Round "3.9"]
[White "Ruiz Quevedo, Andres"]
[Black "Mosteiro Montoro, Alvaro"]
[Result "1-0"]
[WhiteElo "1928"]
[BlackElo "1777"]
[PlyCount "123"]
[EventDate "2009.11.05"]
[EventType "swiss"]
[EventRounds "9"]
[EventCountry "ESP"]
[Source "lmi"]
[SourceDate "2009.11.05"]

1. Nf3 g6 2. c4 Bg7 3. d4 d6 4. Nc3 c6 5. Bf4 Nf6 6. h3 O-O 7. e3 a6 8. a4 Nbd7
9. Be2 Re8 10. O-O d5 11. b4 dxc4 12. Bxc4 Nb6 13. Nd2 Nxc4 14. Nxc4 Be6 15.
Ne5 Nd5 16. Nxd5 Bxd5 17. a5 Bxe5 18. Bxe5 f6 19. Bg3 Qd7 20. Rc1 Qe6 21. Re1
f5 22. Be5 Qf7 23. Qc2 Rad8 24. Qc5 e6 25. f3 Qe7 26. Qc3 c5 27. bxc5 Rc8 28.
e4 Bc6 29. Re3 Rcd8 30. Rce1 Qf7 31. Qb3 f4 32. R3e2 Bb5 33. Rb2 h5 34. Qc3 g5
35. Qd2 Kh7 36. Rb4 h4 37. Bd6 e5 38. d5 Qd7 39. Qc3 Qg7 40. Reb1 Rxd6 41. cxd6
Qd7 42. Qc7 Rd8 43. Rc1 Kg6 44. Rb3 Kf6 45. Rbc3 Qxd6 46. Qxd6+ Rxd6 47. Rc7 b6
48. axb6 Rxb6 49. Rb1 Rd6 50. Ra7 Rb6 51. Rc1 Rd6 52. Rcc7 Be8 53. Re7 Bg6 54.
Rec7 Be8 55. Ra8 Bd7 56. Rca7 Bb5 57. Rh8 Bd7 58. Rh6+ Ke7 59. Rxd6 Kxd6 60.
Rxa6+ Ke7 61. Rg6 Kf7 62. Rxg5 1-0

[Event "Madrid ch - Previa B"]
[Site "Madrid"]
[Date "2009.11.07"]
[Round "3.10"]
[White "Fariñas Lucas, Juan Antonio"]
[Black "Garcia Serrano, Jose M"]
[Result "0-1"]
[WhiteElo "1742"]
[BlackElo "1902"]
[PlyCount "48"]
[EventDate "2009.11.05"]
[EventType "swiss"]
[EventRounds "9"]
[EventCountry "ESP"]
[Source "lmi"]
[SourceDate "2009.11.05"]

1. e4 e5 2. Nf3 Nc6 3. d4 exd4 4. c3 d3 5. Bxd3 Bc5 6. O-O h6 7. Re1 Nf6 8. Be3
Bb6 9. Bxb6 axb6 10. Nbd2 O-O 11. Qc2 d5 12. e5 Nh5 13. Bh7+ Kh8 14. Bf5 g6 15.
Bxc8 Qxc8 16. Nb3 Nf4 17. h3 Nd8 18. Qd2 g5 19. Nbd4 c5 20. Nb5 Nde6 21. Nd6
Qd7 22. g3 Nxh3+ 23. Kg2 Nef4+ 24. gxf4 Nxf4+ 0-1

[Event "Madrid ch - Previa B"]
[Site "Madrid"]
[Date "2009.11.07"]
[Round "3.11"]
[White "Noriega De La Sierra, Antonio"]
[Black "Sanz Moriñigo, Francisco J"]
[Result "0-1"]
[WhiteElo "1881"]
[BlackElo "1736"]
[PlyCount "44"]
[EventDate "2009.11.05"]
[EventType "swiss"]
[EventRounds "9"]
[EventCountry "ESP"]
[Source "lmi"]
[SourceDate "2009.11.05"]

1. d4 Nf6 2. c4 e6 3. Nf3 b6 4. g3 Ba6 5. Qc2 Bb7 6. Bg2 c5 7. dxc5 Bxc5 8. O-O
O-O 9. Nc3 d5 10. Rd1 Qc8 11. cxd5 Nxd5 12. Ng5 g6 13. Qb3 Nxc3 14. Qxc3 Bxg2
15. Kxg2 Qb7+ 16. Kg1 Nd7 17. b4 Be7 18. Rb1 Rac8 19. Qb3 Rxc1 20. Nxe6 Rxb1
21. Rxb1 fxe6 22. Qxe6+ Rf7 0-1

[Event "Madrid ch - Previa B"]
[Site "Madrid"]
[Date "2009.11.07"]
[Round "3.12"]
[White "Merino Araguas, Jose Javier"]
[Black "Rollano Carcajona, Ruben"]
[Result "1/2-1/2"]
[WhiteElo "1866"]
[BlackElo "1718"]
[PlyCount "53"]
[EventDate "2009.11.05"]
[EventType "swiss"]
[EventRounds "9"]
[EventCountry "ESP"]
[Source "lmi"]
[SourceDate "2009.11.05"]

1. d4 d5 2. c4 c6 3. cxd5 cxd5 4. Nc3 Nf6 5. Nf3 Nc6 6. Bf4 Bg4 7. Ne5 e6 8.
Qa4 Qb6 9. Nxc6 bxc6 10. a3 Be7 11. e3 O-O 12. b4 a5 13. b5 c5 14. Bd3 c4 15.
Bb1 Nd7 16. O-O Qb7 17. f3 Nb6 18. Qd1 Bh5 19. Bc2 f6 20. Qb1 h6 21. Qe1 g5 22.
Bg3 Kg7 23. e4 Bg6 24. Qb1 Nd7 25. Re1 Rae8 26. Qd1 Nb6 27. Qb1 1/2-1/2

[Event "Madrid ch - Previa B"]
[Site "Madrid"]
[Date "2009.11.07"]
[Round "3.13"]
[White "Montes Rubio, Miguel"]
[Black "Marcos Herrero, Francisco"]
[Result "1/2-1/2"]
[WhiteElo "1717"]
[BlackElo "1851"]
[PlyCount "94"]
[EventDate "2009.11.05"]
[EventType "swiss"]
[EventRounds "9"]
[EventCountry "ESP"]
[Source "lmi"]
[SourceDate "2009.11.05"]

1. d4 Nf6 2. Nf3 g6 3. e3 Bg7 4. Bd3 d5 5. Nbd2 Nc6 6. c3 O-O 7. e4 dxe4 8.
Nxe4 e5 9. Nxe5 Nxe5 10. Nxf6+ Qxf6 11. dxe5 Qxe5+ 12. Qe2 Re8 13. Be3 Bf5 14.
O-O Bxd3 15. Qxd3 Rad8 16. Qc2 Qh5 17. Rfe1 b6 18. Rad1 Be5 19. h3 c5 20. Qc1
Bf6 21. Bf4 g5 22. Rxe8+ Rxe8 23. Rd5 h6 24. Be3 Qe2 25. Qd2 Qxd2 26. Rxd2 Re7
27. Rd1 Kg7 28. Rd2 Be5 29. g4 Kg6 30. Re2 f5 31. f3 f4 32. Bf2 Bd6 33. Rxe7
Bxe7 34. Kf1 Kf6 35. Ke2 Ke6 36. Kd3 b5 37. Kd2 a6 38. b3 Kd5 39. Kc2 Bf6 40.
Kd2 a5 41. Kc2 c4 42. Bb6 cxb3+ 43. axb3 a4 44. Ba5 axb3+ 45. Kxb3 Be7 46. Bb6
Bf6 47. Bf2 Kc6 1/2-1/2

[Event "Madrid ch - Previa B"]
[Site "Madrid"]
[Date "2009.11.07"]
[Round "3.14"]
[White "Dominguez Alfara, Miguel"]
[Black "Gallardo Perez, Jesus"]
[Result "1/2-1/2"]
[WhiteElo "1652"]
[BlackElo "1832"]
[PlyCount "53"]
[EventDate "2009.11.05"]
[EventType "swiss"]
[EventRounds "9"]
[EventCountry "ESP"]
[Source "lmi"]
[SourceDate "2009.11.05"]

1. d4 Nf6 2. Nf3 e6 3. e3 d5 4. c4 c6 5. b3 Bb4+ 6. Bd2 Bxd2+ 7. Nbxd2 Qa5 8.
Qc2 Nbd7 9. Bd3 h6 10. O-O O-O 11. Rfe1 Re8 12. Ne5 Nxe5 13. dxe5 Nd7 14. f4
Qc7 15. cxd5 exd5 16. e4 dxe4 17. Nxe4 Nxe5 18. fxe5 Rxe5 19. Nf2 Be6 20. Rxe5
Qxe5 21. Rf1 Rd8 22. Rd1 Re8 23. Be4 Bd5 24. Re1 g6 25. Qe2 Qf4 26. Qf3 Qd2 27.
Qe2 1/2-1/2

[Event "Madrid ch - Previa B"]
[Site "Madrid"]
[Date "2009.11.07"]
[Round "3.15"]
[White "Nieto Esteban, Manuel"]
[Black "Ballesteros Galvez, Daniel"]
[Result "1-0"]
[WhiteElo "1801"]
[BlackElo "1557"]
[PlyCount "59"]
[EventDate "2009.11.05"]
[EventType "swiss"]
[EventRounds "9"]
[EventCountry "ESP"]
[Source "lmi"]
[SourceDate "2009.11.05"]

1. d4 Nf6 2. c4 e6 3. Nc3 Bb4 4. Qc2 c5 5. Nf3 d5 6. cxd5 Nxd5 7. e4 cxd4 8.
Nxd4 Nxc3 9. bxc3 Bc5 10. Nb3 Bb6 11. Bb5+ Bd7 12. Bxd7+ Nxd7 13. Ba3 Qg5 14.
O-O O-O-O 15. Nd4 Bc5 16. Rab1 Bxa3 17. Qb3 b6 18. Qxa3 Kb7 19. Nb5 Qc5 20.
Qxa7+ Kc8 21. Qa8+ Nb8 22. a4 Rd2 23. a5 Ra2 24. Na7+ Kc7 25. axb6+ Kd6 26.
Nb5+ Qxb5 27. Qxa2 Qc6 28. Rfd1+ Ke7 29. e5 Qxc3 30. Qa7+ 1-0